000 01021nam a22003850a 4500
001 PT57680
003 AR-LpoUNG
005 20210131231826.0
008 191001s2016||||ag |||||||||||||||||spa d
020 _a9789876283977
_c$18
040 _aAR-LpoUNG
_bspa
_cAR-LpoUNG
_eaacr
041 _aspa
044 _aag
082 0 _a982.065 216pol
100 1 _aCanelo, Paula
245 1 3 _aLa política secreta de la última dictadura argentina :
_b(1976-1983) : a 40 años del golpe de Estado
250 _a1ra. ed.
260 _aBuenos Aires :
_bEdhasa,
_c2016.
300 _a262 p. :
_bfot.
650 4 _aARGENTINA
650 4 _aASPECTOS ECONOMICOS
650 4 _aDICTADURA
650 4 _aESTADO
650 4 _aFUERZAS ARMADAS
650 4 _aGOBIERNO MILITAR
650 4 _aHISTORIA
650 4 _aHISTORIA POLITICA
650 4 _aIDEOLOGIAS POLITICAS
650 4 _aPERSONAL MILITAR
650 4 _aTERRORISMO
651 4 _aArgentina
653 _aMEMORIA COLECTIVA
905 _a57680
942 _cLIB
999 _c12153
_d12153